02250nam a2200337 i 4500001001000000003000900010005001700019007000300036008004100039020001500080040003000095082003100125111006700156245027300223246005600496264009400552300002800646336002700674337003300701338002800734490005300762490003800815505065600853650007401509651008401583651008201667700003301749700003401782710007201816830002401888000002999DO-SdBNP20231002121047.0ta090630s2002 dr r 000 0 spa d a9993430412 aDO-SdBNPbspacBNPHUerda 4a330.97293bC744n, 2001222 aConcurso Biblioteca Juan Pablo Duarted(2002 :cSanto Domingo)10aNueva literatura económica dominicana :bpremios del concurso Biblioteca "Juan Pablo Duarte", 2001 /cPeter Prazmowski ... [et al.] ; edición, Grey S. de Raful, Betania Corletto ; prólogo, Luis Manuel Piantini Munnigh ; agradecimientos, Francisco Guerrero Prats.13aPremios del Concurso Biblioteca "Juan Pablo Duarte" aSanto Domingo :bBanco Central de la República Dominicana. Departamento Cultural,c2002 a280 páginas ;c23 cm. 2rdacontentatextobtxt 2rdamediaasin mediaciónbn 2rdacarrieravolumenbnc aBanco Central de la República Dominicana ;v51 aNueva literatura económica ;v50 aPrólogo -- Agradecimiento -- Primera parte. Consumo, ahorro y la teoría del ciclo vital estocástico con movilidad parcial de capitales : El caso de la República Dominicana / Peter A. Prazmowski -- Segunda parte. La programación financiera y la gestión pública / Rodrigo Jaque García -- Tercera parte. "Dominicana en la era de la globalizacióón" / Jerson Del Rosario -- Cuarta parte. Simulación de desempeño de Fondos de Pensiones / Felipe Antonio Llaugel -- Quinta parte. "Viabilidad del comercio electrónico en el mercado dominicano" / Marjorie Castillo Tezanos -- Colección del Banco Central de la República Dominicana. 4aAdministradoras de fondos de pensionesvCongresos, conferencias, etc. 4aRepública DominicanaxCondiciones económicasvCongresos, conferencias, etc. 4aRepública DominicanaxPolítica económicavCongresos, conferencias, etc.1 aRaul, Grey S. de,cedición1 aCorletto, Betania,eedición2 aBanco Central de la República Dominicana.bDepartamento Cultural.0 aBnco Central de la